| 000 | 00000nam 2200000zi 4500 |
| 001 | 9.931549 |
| 003 | CaOODSP |
| 005 | 20240212142407 |
| 006 | m o d f |
| 007 | cr ||||||||||| |
| 008 | 231218t20242024onc o f10| 0 eng d |
| 020 | |a9780660693446 |
| 040 | |aCaOODSP|beng|erda|cCaOODSP |
| 043 | |an-cn--- |
| 086 | 1 |aPS18-78/2023E-PDF |
| 245 | 00|aCanada Centre 2023 conference on countering radicalization to violence : |bwhat to measure, how to prevent - Ottawa, Canada May 1-5, 2023. |
| 264 | 1|aOttawa : |bPublic Safety Canada, Canada Centre for Community Engagement and Prevention of Violence = Sécurité publique Canada, Centre canadien d'engagement communautaire et de prévention de la violence, |c[2024] |
| 264 | 4|c©2024 |
| 300 | |a1 online resource (11 pages) |
| 336 | |atext|btxt|2rdacontent |
| 337 | |acomputer|bc|2rdamedia |
| 338 | |aonline resource|bcr|2rdacarrier |
| 500 | |aIssued also in French under title: Conférence 2023 du Centre canadien sur la lutte contre la radicalisation menant à la violence : que mesurer, comment prévenir - Ottawa Canada, du 1er au 5 mai 2023. |
| 500 | |aCover title. |
| 650 | 0|aTerrorism|zCanada|xPrevention|vCongresses. |
| 650 | 0|aRadicalism|zCanada|xPrevention|vCongresses. |
| 655 | 7|aConference papers and proceedings|2lcgft |
| 710 | 1 |aCanada. |bPublic Safety Canada, |eissuing body. |
| 710 | 2 |aCanada Centre for Community Engagement and Prevention of Violence, |eissuing body. |
| 775 | 08|tConférence 2023 du Centre canadien sur la lutte contre la radicalisation menant à la violence : |w(CaOODSP)9.931551 |
| 856 | 40|qPDF|s291 KB|uhttps://publications.gc.ca/collections/collection_2024/sp-ps/PS18-78-2023-eng.pdf |